| 000 | 00505cam a2200193ua 4500 | ||
|---|---|---|---|
| 001 | 10753 | ||
| 005 | 20260515114646.0 | ||
| 008 | 190401n ii |||gr||||Z||||||eng | ||
| 020 | _a8171008135 | ||
| 040 | _cMAIN | ||
| 082 | _a323.4 | ||
| 100 |
_aB P Singh Sehgal, _eAuthor. |
||
| 245 |
_aHuman rights in india _bProblems and perspectives |
||
| 250 | _a1st rep. | ||
| 260 |
_aNew Delhi: _bDeep & deep publications pvt ltd, _c2008. |
||
| 300 | _a654p. | ||
| 653 | _aCivil & political rights | ||
| 942 | _cBK | ||
| 999 |
_c9709 _d9709 |
||